<?xml version="1.0" encoding="UTF-8"?>
<marc:record xmlns:marc="http://www.loc.gov/MARC21/slim">
   <marc:leader>00000nam a2200000 a 4500</marc:leader>
   <marc:datafield ind1="1" ind2=" " tag="100">
      <marc:subfield code="a">Kipping, Robert</marc:subfield>
      <marc:subfield code="4">aut</marc:subfield>
      <marc:subfield code="e">Verfasser/-in</marc:subfield>
   </marc:datafield>
   <marc:datafield ind1=" " ind2=" " tag="653">
      <marc:subfield code="a">Fußkrankheit</marc:subfield>
   </marc:datafield>
   <marc:datafield ind1=" " ind2=" " tag="653">
      <marc:subfield code="a">Fußdeformität</marc:subfield>
   </marc:datafield>
   <marc:datafield ind1=" " ind2=" " tag="653">
      <marc:subfield code="a">Orthopädische Chirurgie</marc:subfield>
   </marc:datafield>
   <marc:datafield ind1=" " ind2=" " tag="653">
      <marc:subfield code="a">Arutz-Patient-Gespräch auf Augenhöhe</marc:subfield>
   </marc:datafield>
   <marc:datafield ind1=" " ind2=" " tag="653">
      <marc:subfield code="a">Die richtige Arztsuche</marc:subfield>
   </marc:datafield>
   <marc:datafield ind1=" " ind2=" " tag="653">
      <marc:subfield code="a">Eingenverantwoortung</marc:subfield>
   </marc:datafield>
   <marc:datafield ind1=" " ind2=" " tag="653">
      <marc:subfield code="a">Gute Compliance</marc:subfield>
   </marc:datafield>
   <marc:datafield ind1=" " ind2=" " tag="653">
      <marc:subfield code="a">Richtige Therapieentscheidung</marc:subfield>
   </marc:datafield>
   <marc:datafield ind1=" " ind2=" " tag="653">
      <marc:subfield code="a">Softcover / Medizin/Klinische Fächer</marc:subfield>
   </marc:datafield>
   <marc:datafield ind1="0" ind2="0" tag="245">
      <marc:subfield code="a">Operation Fuß</marc:subfield>
   </marc:datafield>
   <marc:datafield ind1="0" ind2="0" tag="245">
      <marc:subfield code="b">Fragen an den Spezialisten</marc:subfield>
   </marc:datafield>
   <marc:datafield ind1="0" ind2="0" tag="245">
      <marc:subfield code="c">Robert Kipping</marc:subfield>
   </marc:datafield>
   <marc:datafield ind1=" " ind2="1" tag="264">
      <marc:subfield code="a">München</marc:subfield>
      <marc:subfield code="b">Springer Medizin</marc:subfield>
   </marc:datafield>
   <marc:datafield ind1="1" ind2=" " tag="490">
      <marc:subfield code="a">Infothek Springer Medizin</marc:subfield>
   </marc:datafield>
   <marc:datafield ind1="1" ind2=" " tag="520">
      <marc:subfield code="a">Angaben aus der Verlagsmeldung

Operation Fuß : Fragen an den Spezialisten / von Robert Kipping

Der Fuß stellt eine faszinierende anatomische Konstruktion dar. Viele für uns selbstverständliche Fähigkeiten wie Gehen, Laufen, Springen, Klettern und Balancieren werden durch das einzigartige Zusammenspiel von Gelenken, Muskeln, Bändern und Sehnen ermöglicht.

Entsprechend drastisch können sich Fußprobleme auf unser tägliches Leben auswirken. Doch wo liegen die Ursachen für Schmerzen und Bewegungseinschränkungen? Welchen Arzt soll ich aufsuchen? Welche Untersuchungen führen sicher zur Diagnose, und wann muss man eine Operation in Betracht ziehen?

Dieses Buch stellt die wichtigsten Erkrankungen des Fußes klar verständlich dar und ermöglicht es Betroffenen, mit ihrem Behandler ein Gespräch „auf Augenhöhe" zu führen.

Der Autor Dr. Robert Kipping, operativ tätiger Orthopäde und Unfallchirurg mit über 30-jähriger Berufserfahrung, hat selbst viele Tausend Fußoperationen durchgeführt und die Entwicklung hin zur modernen Fußchirurgie aktiv begleitet.

</marc:subfield>
   </marc:datafield>
   <marc:datafield ind1=" " ind2=" " tag="020">
      <marc:subfield code="a">9783899353105</marc:subfield>
      <marc:subfield code="9">9783899353105</marc:subfield>
   </marc:datafield>
   <marc:datafield ind1=" " ind2=" " tag="020">
      <marc:subfield code="a">3899353102</marc:subfield>
      <marc:subfield code="9">3899353102</marc:subfield>
   </marc:datafield>
   <marc:datafield ind1=" " ind2=" " tag="041">
      <marc:subfield code="a">ger</marc:subfield>
   </marc:datafield>
   <marc:datafield ind1=" " ind2=" " tag="300">
      <marc:subfield code="a">88 Seiten</marc:subfield>
   </marc:datafield>
</marc:record>
